[Event "Titled Tuesday intern op 07th Jan Early"]
[Site "Chess.com INT"]
[Date "2025.01.07"]
[Round "1"]
[White "Makarian, Rudik"]
[Black "Mordechai, Hanan"]
[Result "1-0"]
[WhiteElo "2547"]
[BlackElo "2297"]
[PlyCount "45"]
[EventDate "2025.01.07"]
[EventType "swiss (blitz)"]
[EventRounds "11"]
[EventCountry "USA"]
[SourceTitle "CB03_2025"]
[SourceDate "2025.01.15"]
[SourceVersion "1"]
[SourceVersionDate "2025.01.15"]
[SourceQuality "1"]

1. Nf3 Nf6 2. e3 b6 3. g3 Bb7 4. Bg2 e5 5. d3 c5 6. 0-0 Nc6 7. Nxe5 Qc7 8. Nxc6 Bxc6 9. e4 Be7 10. Nc3 0-0 11. a4 Qb7 12. f4 c4 13. Bf3 d5 14. e5 Ne8 15. d4 a6 16. f5 f6 17. Bf4 fxe5 18. Bxe5 Rxf5 19. Bxd5+ Bxd5 20. Rxf5 Be6 21. Qf3 Qd7 22. Qxa8 Bxf5 23. Qd5+ 1-0

[Event "Titled Tuesday intern op 03rd Sep Early"]
[Site "Chess.com INT"]
[Date "2024.09.03"]
[Round "1"]
[White "Mordechai, Hanan"]
[Black "Bluebaum, Matthias"]
[Result "0-1"]
[WhiteElo "2297"]
[BlackElo "2640"]
[PlyCount "50"]
[EventDate "2024.09.03"]
[EventType "swiss (blitz)"]
[EventRounds "11"]
[EventCountry "USA"]
[SourceTitle "EXT 2025"]
[Source "ChessBase"]
[SourceDate "2024.10.14"]
[SourceVersion "1"]
[SourceVersionDate "2024.10.14"]
[SourceQuality "1"]

1. Nf3 d5 2. g3 e6 3. Bg2 Nf6 4. 0-0 Bd6 5. d3 0-0 6. Nbd2 Nc6 7. e4 dxe4 8. dxe4 e5 9. a4 a5 10. Nc4 Nxe4 11. Re1 Nf6 12. Bg5 h6 13. Be3 Be6 14. Nxd6 cxd6 15. Qd2 Ng4 16. Rad1 Nxe3 17. Rxe3 Qb6 18. b3 Rad8 19. Qc3 d5 20. Qe1 e4 21. Nd2 f5 22. c3 d4 23. cxd4 Nxd4 24. Nc4 Bxc4 25. bxc4 Nc2 0-1

[Event "Titled Tuesday intern op 13th Aug Late"]
[Site "Chess.com INT"]
[Date "2024.08.13"]
[Round "1"]
[White "Bortnyk, Olexandr"]
[Black "Mordechai, Hanan"]
[Result "1-0"]
[WhiteElo "2608"]
[BlackElo "2297"]
[PlyCount "67"]
[EventDate "2024.08.13"]
[EventType "swiss (blitz)"]
[EventRounds "11"]
[EventCountry "USA"]
[SourceTitle "EXT 2025"]
[Source "ChessBase"]
[SourceDate "2024.10.14"]
[SourceVersion "1"]
[SourceVersionDate "2024.10.14"]
[SourceQuality "1"]

1. d4 Nf6 2. Nc3 g6 3. e4 d6 4. Bg5 Nbd7 5. Qd2 c6 6. f4 b5 7. a3 Bg7 8. e5 dxe5 9. dxe5 Ng4 10. h3 Nh6 11. 0-0-0 0-0 12. g4 f6 13. Bxh6 Bxh6 14. e6 Qc7 15. g5 Nc5 16. gxh6 a5 17. Qe3 Nxe6 18. Nge2 b4 19. Na4 bxa3 20. bxa3 Rb8 21. Bg2 Qb7 22. Nec3 Qc7 23. Rhf1 Kh8 24. h4 c5 25. f5 Nd4 26. fxg6 hxg6 27. Nd5 Qb7 28. Qxe7 Qb1+ 29. Kd2 Qxc2+ 30. Ke1 Rf7 31. Qe8+ Kh7 32. Qxf7+ Kxh6 33. Qf8+ Kh7 34. Nxf6# 1-0

[Event "Titled Tuesday intern op 13th Aug Early"]
[Site "Chess.com INT"]
[Date "2024.08.13"]
[Round "1"]
[White "Mordechai, Hanan"]
[Black "Demchenko, Anton"]
[Result "0-1"]
[WhiteElo "2297"]
[BlackElo "2597"]
[PlyCount "70"]
[EventDate "2024.08.13"]
[EventType "swiss (blitz)"]
[EventRounds "11"]
[EventCountry "USA"]
[SourceTitle "EXT 2025"]
[Source "ChessBase"]
[SourceDate "2024.10.14"]
[SourceVersion "1"]
[SourceVersionDate "2024.10.14"]
[SourceQuality "1"]

1. Nf3 f5 2. b3 d6 3. d4 Nf6 4. Bb2 g6 5. c4 Bg7 6. g3 0-0 7. Bg2 Ne4 8. Nbd2 Nc6 9. Nxe4 fxe4 10. Ng5 e5 11. h4 h6 12. Nxe4 Nxd4 13. e3 Nf5 14. c5 d5 15. Nc3 e4 16. h5 g5 17. 0-0 c6 18. Qd2 Qe7 19. b4 Qf7 20. Qe2 Be6 21. Rab1 g4 22. b5 Qxh5 23. bxc6 bxc6 24. Qa6 Qe8 25. Ne2 Bxb2 26. Rxb2 h5 27. Nf4 Bf7 28. Rb7 d4 29. exd4 Nxd4 30. Rd1 Rd8 31. Rc7 Qe5 32. Qxa7 Nb5 33. Rxd8 Rxd8 34. Re7 Qa1+ 35. Kh2 Nxa7 0-1

[Event "Titled Tuesday intern op 06th Aug Early"]
[Site "Chess.com INT"]
[Date "2024.08.06"]
[Round "1"]
[White "Mordechai, Hanan"]
[Black "Phillips, Rene"]
[Result "1-0"]
[WhiteElo "2297"]
[BlackElo "1904"]
[PlyCount "67"]
[EventDate "2024.08.06"]
[EventType "swiss (blitz)"]
[EventRounds "11"]
[EventCountry "USA"]
[SourceTitle "EXT 2025"]
[Source "ChessBase"]
[SourceDate "2024.10.14"]
[SourceVersion "1"]
[SourceVersionDate "2024.10.14"]
[SourceQuality "1"]

1. b3 d5 2. Bb2 Bg4 3. Nf3 Nd7 4. e3 Ngf6 5. h3 Bh5 6. c4 e6 7. Be2 c6 8. 0-0 Bd6 9. d4 Qe7 10. Nc3 Ba3 11. Bxa3 Qxa3 12. Qc2 Bg6 13. Bd3 Bxd3 14. Qxd3 0-0 15. c5 b6 16. cxb6 axb6 17. Rac1 Rfc8 18. Rc2 h6 19. Rfc1 Qf8 20. Na4 Ne4 21. Rxc6 Rxc6 22. Rxc6 Qa3 23. Qc2 b5 24. Nc3 Nxc3 25. Rxc3 Qxa2 26. Rc8+ Nf8 27. Qxa2 Rxa2 28. Ne5 Ra1+ 29. Kh2 Ra7 30. Rb8 f6 31. Ng6 Rf7 32. h4 h5 33. g4 hxg4 34. h5 1-0

[Event "Titled Tuesday intern op 09th Jul Late"]
[Site "Chess.com INT"]
[Date "2024.07.09"]
[Round "1"]
[White "Mordechai, Hanan"]
[Black "Castillo Pena, Patricia Evarista"]
[Result "0-1"]
[WhiteElo "2313"]
[BlackElo "1928"]
[PlyCount "56"]
[EventDate "2024.07.09"]
[EventType "swiss (blitz)"]
[EventRounds "11"]
[EventCountry "USA"]
[SourceTitle "EXT 2025"]
[Source "ChessBase"]
[SourceDate "2024.10.14"]
[SourceVersion "1"]
[SourceVersionDate "2024.10.14"]
[SourceQuality "1"]

1. e4 c5 2. Nc3 Nc6 3. f4 g6 4. Nf3 Bg7 5. Bc4 e6 6. d3 Nge7 7. 0-0 d5 8. Bb3 0-0 9. Re1 Rb8 10. Qe2 Nd4 11. Nxd4 cxd4 12. Nd1 dxe4 13. dxe4 Bd7 14. Nf2 Bc6 15. Bd2 Rc8 16. Bb4 Re8 17. Rad1 Qb6 18. Nd3 Bb5 19. Ba3 a5 20. Bxe7 Rxe7 21. a4 Bc4 22. Bxc4 Rxc4 23. b3 Rc3 24. e5 Rec7 25. Rd2 Bh6 26. g3 Bf8 27. h4 Qc6 28. Rc1 Ba3 0-1

[Event "Titled Tuesday intern op 02nd Jul Early"]
[Site "Chess.com INT"]
[Date "2024.07.02"]
[Round "1"]
[White "Keymer, Vincent"]
[Black "Mordechai, Hanan"]
[Result "1-0"]
[WhiteElo "2721"]
[BlackElo "2313"]
[PlyCount "75"]
[EventDate "2024.07.02"]
[EventType "swiss (blitz)"]
[EventRounds "11"]
[EventCountry "USA"]
[SourceTitle "EXT 2025"]
[Source "ChessBase"]
[SourceDate "2024.10.14"]
[SourceVersion "1"]
[SourceVersionDate "2024.10.14"]
[SourceQuality "1"]

1. a3 a6 2. Nf3 c5 3. b4 cxb4 4. axb4 e6 5. b5 Nf6 6. e3 d5 7. Be2 Bd6 8. 0-0 0-0 9. c4 dxc4 10. Bxc4 Qc7 11. Be2 e5 12. d3 e4 13. dxe4 Nxe4 14. Bb2 Nd7 15. Na3 Ndf6 16. bxa6 Rd8 17. Nb5 Qe7 18. Nxd6 Rxd6 19. Qb3 Nc5 20. Qb5 b6 21. Be5 Re6 22. Bc4 Bxa6 23. Qb2 Rc6 24. Rfc1 Qb7 25. Nd4 Bxc4 26. Rxa8+ Qxa8 27. Nxc6 Qxc6 28. Rxc4 Nfd7 29. Bg3 Qd5 30. Rd4 Qc6 31. h3 h6 32. Rd6 Qe4 33. Qd4 Qb1+ 34. Kh2 Qf5 35. f3 Kh8 36. e4 Qg5 37. Rxd7 Nxd7 38. Qxd7 1-0

[Event "Titled Tuesday intern op 02nd Jul Late"]
[Site "Chess.com INT"]
[Date "2024.07.02"]
[Round "2"]
[White "Mordechai, Hanan"]
[Black "Sairam, Pranav"]
[Result "1-0"]
[WhiteElo "2313"]
[BlackElo "1984"]
[PlyCount "117"]
[EventDate "2024.07.02"]
[EventType "swiss (blitz)"]
[EventRounds "11"]
[EventCountry "USA"]
[SourceTitle "EXT 2025"]
[Source "ChessBase"]
[SourceDate "2024.10.14"]
[SourceVersion "1"]
[SourceVersionDate "2024.10.14"]
[SourceQuality "1"]

1. e4 e5 2. Nf3 Nf6 3. Nc3 Bb4 4. Bc4 0-0 5. 0-0 d6 6. d3 Bg4 7. Bg5 c6 8. h3 Bh5 9. g4 Bg6 10. Ne2 Nbd7 11. Ng3 a6 12. a3 Ba5 13. Qe2 Bc7 14. Ba2 d5 15. Rad1 Qe7 16. exd5 cxd5 17. Bxd5 h6 18. Nh4 hxg5 19. Nxg6 Qd8 20. Nxf8 Nxd5 21. Nxd7 Nf4 22. Qe4 Qxd7 23. Kh2 Bb6 24. Ne2 Re8 25. Rde1 Ng6 26. c3 Re6 27. Rd1 Rf6 28. f3 Bc7 29. c4 Nf4 30. Nxf4 Rxf4 31. Qd5 Qa4 32. Rd2 e4 33. Kg2 exf3+ 34. Rxf3 Qe8 35. Rxf4 Bxf4 36. Rf2 Qe3 37. Qf3 Qd4 38. Qe4 Qb6 39. d4 f6 40. d5 Qd6 41. Qe6+ Qxe6 42. dxe6 Kf8 43. Re2 Ke7 44. Kf3 Be5 45. b4 Kxe6 46. Ke4 Kd6 47. Rd2+ Kc6 48. Rd8 Bd6 49. Rg8 a5 50. bxa5 Bxa3 51. Rxg7 Bd6 52. Rf7 Be5 53. Re7 Kc5 54. Rxb7 Kxc4 55. a6 Bd4 56. a7 Bxa7 57. Rxa7 Kc5 58. Rf7 Kd6 59. Rxf6+ 1-0

[Event "Titled Tuesday intern op 25th Jun Early"]
[Site "Chess.com INT"]
[Date "2024.06.25"]
[Round "1"]
[White "Zubov, Alexander"]
[Black "Mordechai, Hanan"]
[Result "1-0"]
[WhiteElo "2598"]
[BlackElo "2313"]
[PlyCount "59"]
[EventDate "2024.06.25"]
[EventType "swiss (blitz)"]
[EventRounds "11"]
[EventCountry "USA"]
[SourceTitle "EXT 2025"]
[Source "ChessBase"]
[SourceDate "2024.10.14"]
[SourceVersion "1"]
[SourceVersionDate "2024.10.14"]
[SourceQuality "1"]

1. d4 Nf6 2. c4 g6 3. Nc3 Bg7 4. e4 d6 5. Nf3 0-0 6. Be2 e5 7. d5 a5 8. Be3 Na6 9. Nd2 Nc5 10. g4 c6 11. h4 cxd5 12. cxd5 Ne8 13. g5 Bd7 14. a4 Qb6 15. Bb5 Bxb5 16. Nxb5 Rc8 17. Kf1 f5 18. Rc1 f4 19. Bxc5 Rxc5 20. Rh3 Nc7 21. Rxc5 dxc5 22. Nc4 Qa6 23. Qb3 Nxb5 24. Qxb5 Qxb5 25. axb5 Ra8 26. Ra3 h6 27. Rxa5 Rxa5 28. Nxa5 hxg5 29. hxg5 b6 30. Nc4 1-0

[Event "Titled Tuesday intern op 18th Jun Early"]
[Site "Chess.com INT"]
[Date "2024.06.18"]
[Round "1"]
[White "Makarian, Rudik"]
[Black "Mordechai, Hanan"]
[Result "1-0"]
[WhiteElo "2524"]
[BlackElo "2313"]
[PlyCount "57"]
[EventDate "2024.06.18"]
[EventType "swiss (blitz)"]
[EventRounds "11"]
[EventCountry "USA"]
[SourceTitle "EXT 2025"]
[Source "ChessBase"]
[SourceDate "2024.10.14"]
[SourceVersion "1"]
[SourceVersionDate "2024.10.14"]
[SourceQuality "1"]

1. d4 Nf6 2. c4 g6 3. Nc3 Bg7 4. e4 d6 5. Be2 0-0 6. Nf3 e5 7. 0-0 Nc6 8. d5 Ne7 9. b4 a5 10. bxa5 Rxa5 11. a4 b6 12. Nd2 Nd7 13. Nb3 Ra8 14. a5 bxa5 15. Nxa5 Nb6 16. Be3 f5 17. f3 Bd7 18. c5 dxc5 19. Nb7 Rxa1 20. Qxa1 Qe8 21. Nxc5 Nec8 22. Rd1 Nd6 23. Qa7 Qd8 24. Ne6 Bxe6 25. dxe6 fxe4 26. Bxb6 exf3 27. Bxf3 e4 28. Nxe4 Qh4 29. Bf2 1-0

[Event "Titled Tuesday intern op 11th Jun Late"]
[Site "Chess.com INT"]
[Date "2024.06.11"]
[Round "1"]
[White "Nakamura, Hikaru"]
[Black "Mordechai, Hanan"]
[Result "1-0"]
[WhiteElo "2794"]
[BlackElo "2313"]
[PlyCount "57"]
[EventDate "2024.06.11"]
[EventType "swiss (blitz)"]
[EventRounds "11"]
[EventCountry "USA"]
[SourceTitle "EXT 2025"]
[Source "ChessBase"]
[SourceDate "2024.10.14"]
[SourceVersion "1"]
[SourceVersionDate "2024.10.14"]
[SourceQuality "1"]

1. Nf3 Nf6 2. b3 d5 3. c4 c6 4. Bb2 e6 5. e3 Nbd7 6. d4 Bd6 7. Bd3 0-0 8. Nbd2 b6 9. e4 dxe4 10. Nxe4 Nxe4 11. Bxe4 Bb7 12. Bc2 Nf6 13. Qd3 Re8 14. 0-0-0 c5 15. dxc5 Bf4+ 16. Kb1 Qxd3 17. Rxd3 Be4 18. Rd4 Bxc2+ 19. Kxc2 e5 20. Rdd1 e4 21. Ng1 bxc5 22. Bxf6 gxf6 23. Ne2 Be5 24. Rd5 Rac8 25. Ng3 Bd4 26. Rf1 Rc6 27. Nf5 Ra6 28. a4 Re5 29. Rd8+ 1-0

[Event "Titled Tuesday intern op 07th May Early"]
[Site "Chess.com INT"]
[Date "2024.05.07"]
[Round "1"]
[White "Mordechai, Hanan"]
[Black "Bluebaum, Matthias"]
[Result "0-1"]
[WhiteElo "2314"]
[BlackElo "2647"]
[PlyCount "60"]
[EventDate "2024.05.07"]
[EventType "swiss (blitz)"]
[EventRounds "11"]
[EventCountry "USA"]
[SourceTitle "EXT 2025"]
[Source "ChessBase"]
[SourceDate "2024.10.14"]
[SourceVersion "1"]
[SourceVersionDate "2024.10.14"]
[SourceQuality "1"]

1. e4 e6 2. Qe2 c5 3. d3 Nc6 4. g3 g6 5. Bg2 Bg7 6. Nf3 Nge7 7. 0-0 0-0 8. Nc3 d6 9. Be3 Rb8 10. Rad1 b5 11. d4 b4 12. Nb1 Qa5 13. Rfe1 Ba6 14. Qd2 cxd4 15. Nxd4 Qxa2 16. Nxc6 Nxc6 17. Qxd6 Bb5 18. c4 Ba4 19. Rd2 Qxc4 20. Bf1 Qb3 21. Rc1 Ne5 22. Kg2 Bb5 23. Bxb5 Rxb5 24. Qc7 Rbb8 25. Qxa7 Nc4 26. Re2 Nxb2 27. Rc7 Qd3 28. Rxf7 Rxf7 29. Qxb8+ Rf8 30. Qxb4 Qxe2 0-1

[Event "ISR-chT"]
[Site "Israel"]
[Date "2024.03.08"]
[Round "11.17"]
[White "Vagman, Roy"]
[Black "Mordechai, Hanan"]
[Result "1-0"]
[WhiteElo "2288"]
[BlackElo "2329"]
[PlyCount "101"]
[EventDate "2024.01.10"]
[EventType "team-tourn"]
[EventRounds "11"]
[EventCountry "ISR"]
[SourceTitle "CBM 218 Extra"]
[Source "ChessBase"]
[SourceDate "2024.03.31"]
[SourceVersion "1"]
[SourceVersionDate "2024.03.31"]
[SourceQuality "1"]
[WhiteTeam "Rishon Le Zion II"]
[BlackTeam "Ramat Gan Etiod"]
[WhiteTeamCountry "ISR"]
[BlackTeamCountry "ISR"]

1. e4 c5 2. Nf3 g6 3. c3 d5 4. e5 Nc6 5. Bb5 Qb6 6. Bxc6+ bxc6 7. d3 Ba6 8. b3 c4 9. bxc4 dxc4 10. d4 e6 11. 0-0 Ne7 12. Nbd2 Nd5 13. Ne4 h6 14. Bd2 Be7 15. h4 0-0-0 16. Qc1 c5 17. dxc5 Bxc5 18. Bxh6 Bb7 19. Bg5 Rd7 20. Rb1 Qc6 21. Re1 Bb6 22. Qc2 Kb8 23. a4 Ka8 24. Qa2 Qc7 25. Qa3 Rb8 26. Re2 a6 27. Qa2 Ba5 28. Qa3 Bc8 29. Rxb8+ Qxb8 30. Kh2 f5 31. Nd6 Bxc3 32. Nxc4 Qc7 33. Qb3 Qc6 34. Ne3 Rb7 35. Qd1 Nb4 36. Qd6 Qxa4 37. Qc5 Qc6 38. Qxc6 Nxc6 39. Rc2 Nxe5 40. Rxc3 Nxf3+ 41. gxf3 Bd7 42. Bf4 Rb4 43. Kg3 Bb5 44. Rc8+ Ka7 45. Rc7+ Ka8 46. Re7 a5 47. Rxe6 a4 48. Nd5 Rb3 49. Nc7+ Kb7 50. Nxb5 Rxb5 51. Bd6 1-0

[Event "Titled Tuesday intern op 05th Mar Early"]
[Site "Chess.com INT"]
[Date "2024.03.05"]
[Round "1"]
[White "Mordechai, Hanan"]
[Black "Le, Tuan Minh"]
[Result "0-1"]
[WhiteElo "2324"]
[BlackElo "2567"]
[PlyCount "82"]
[EventDate "2024.03.05"]
[EventType "swiss (blitz)"]
[EventRounds "11"]
[EventCountry "USA"]
[SourceTitle "EXT 2025"]
[Source "ChessBase"]
[SourceDate "2024.10.14"]
[SourceVersion "1"]
[SourceVersionDate "2024.10.14"]
[SourceQuality "1"]

1. Nf3 d5 2. c4 c6 3. d4 Nf6 4. Nc3 a6 5. Bf4 dxc4 6. a4 Bf5 7. e3 e6 8. Bxc4 Be7 9. 0-0 a5 10. Qb3 Ra7 11. Rfe1 Ne4 12. Ne5 0-0 13. f3 Nd2 14. Qa2 Nxc4 15. Qxc4 Nd7 16. e4 Nxe5 17. Bxe5 Bg6 18. Rad1 Qb6 19. Kh1 Raa8 20. d5 cxd5 21. exd5 Rac8 22. Qa2 Rfd8 23. Nb5 Bb4 24. Rf1 exd5 25. Rxd5 Rxd5 26. Qxd5 h6 27. Rd1 Re8 28. Bd4 Qc6 29. Qxc6 bxc6 30. Nc3 Bc2 31. Rc1 Bb3 32. h3 f6 33. Kg1 Rd8 34. Bb6 Rd2 35. Ne4 Rxb2 36. Rxc6 Bxa4 37. Rc8+ Kh7 38. Ra8 Bc6 39. Ra7 Bxe4 40. fxe4 Re2 41. Bxa5 Bc5+ 0-1

[Event "Titled Tuesday intern op 27th Feb Early"]
[Site "Chess.com INT"]
[Date "2024.02.27"]
[Round "6"]
[White "Georg, Heinz"]
[Black "Mordechai, Hanan"]
[Result "0-1"]
[WhiteElo "2053"]
[BlackElo "2329"]
[PlyCount "92"]
[EventDate "2024.02.27"]
[EventType "swiss (blitz)"]
[EventRounds "11"]
[EventCountry "USA"]
[SourceTitle "EXT 2025"]
[Source "ChessBase"]
[SourceDate "2024.10.14"]
[SourceVersion "1"]
[SourceVersionDate "2024.10.14"]
[SourceQuality "1"]

1. e4 c5 2. Nf3 e6 3. b3 d5 4. exd5 exd5 5. Bb5+ Bd7 6. Qe2+ Qe7 7. Bxd7+ Nxd7 8. Qxe7+ Bxe7 9. Bb2 Bf6 10. Bxf6 Ngxf6 11. Nc3 0-0 12. 0-0 d4 13. Na4 Rfe8 14. Rfe1 b6 15. h3 Nd5 16. Nb2 Kf8 17. Nd3 f6 18. a4 Kf7 19. Rxe8 Rxe8 20. a5 b5 21. a6 Nc7 22. Ra5 Re6 23. b4 Rxa6 24. Rxa6 Nxa6 25. bxc5 Naxc5 26. Nxc5 Nxc5 27. Nxd4 a6 28. Kf1 Ke7 29. Ke2 Kd6 30. Nf5+ Kd5 31. Nxg7 a5 32. Nf5 a4 33. Kd1 a3 34. Kc1 Ne4 35. Ne3+ Kc5 36. d3 Nxf2 37. Kb1 Kd4 38. Nf5+ Kc3 39. Nd6 b4 40. Nb5+ Kd2 41. d4 Ne4 42. d5 a2+ 43. Kxa2 Kxc2 44. d6 Nxd6 45. Nxd6 b3+ 46. Ka3 b2 0-1

[Event "Titled Tuesday intern op 27th Feb Early"]
[Site "Chess.com INT"]
[Date "2024.02.27"]
[Round "4"]
[White "Mordechai, Hanan"]
[Black "Sarkar, Justin"]
[Result "1-0"]
[WhiteElo "2329"]
[BlackElo "2265"]
[PlyCount "67"]
[EventDate "2024.02.27"]
[EventType "swiss (blitz)"]
[EventRounds "11"]
[EventCountry "USA"]
[SourceTitle "EXT 2025"]
[Source "ChessBase"]
[SourceDate "2024.10.14"]
[SourceVersion "1"]
[SourceVersionDate "2024.10.14"]
[SourceQuality "1"]

1. Nf3 Nf6 2. g3 d5 3. Bg2 b6 4. c4 e6 5. 0-0 Bb7 6. Ne5 Be7 7. d4 0-0 8. Nc3 Qc8 9. cxd5 exd5 10. Bf4 c6 11. Rc1 Qe6 12. a3 Nbd7 13. e4 dxe4 14. Nxe4 Nd5 15. Nxd7 Qxd7 16. Bd2 a5 17. Re1 Rfe8 18. Nc3 Nxc3 19. Bxc3 Bg5 20. Ra1 Rxe1+ 21. Qxe1 Re8 22. Qd1 Bf6 23. Qb3 Bxd4 24. Rd1 c5 25. Bxd4 cxd4 26. Qxb6 Bxg2 27. Kxg2 Qd5+ 28. Kg1 d3 29. Qa6 d2 30. Qf1 Qd4 31. b3 Qc3 32. Kg2 Re1 33. Qxe1 Qc6+ 34. Kg1 1-0

[Event "Titled Tuesday intern op 20th Feb Late"]
[Site "Chess.com INT"]
[Date "2024.02.20"]
[Round "4"]
[White "Mordechai, Hanan"]
[Black "Hasangatin, Ramil"]
[Result "0-1"]
[WhiteElo "2329"]
[BlackElo "2444"]
[PlyCount "134"]
[EventDate "2024.02.20"]
[EventType "swiss (blitz)"]
[EventRounds "11"]
[EventCountry "USA"]
[SourceTitle "EXT 2025"]
[Source "ChessBase"]
[SourceDate "2024.10.14"]
[SourceVersion "1"]
[SourceVersionDate "2024.10.14"]
[SourceQuality "1"]

1. e4 d5 2. exd5 Qxd5 3. Nc3 Qd6 4. d4 Nf6 5. Nf3 a6 6. Be2 b5 7. 0-0 Bb7 8. Bg5 e6 9. Bh4 Nbd7 10. Bg3 Qb6 11. a4 b4 12. a5 Qa7 13. Na4 Bd6 14. Ne5 0-0 15. Qd2 Rab8 16. Rad1 Ne4 17. Nxd7 Nxd2 18. Rxd2 Bc6 19. Nxb8 Bxa4 20. Nxa6 Bc6 21. Bxd6 cxd6 22. Nxb4 Ba8 23. a6 Rb8 24. c3 g5 25. Ra1 Kg7 26. Bf3 Bxf3 27. gxf3 Rc8 28. Ra5 Kf6 29. Rb5 Rc7 30. Rd1 Qa8 31. Rd3 Ra7 32. Ra5 Qc8 33. d5 Qc4 34. Rd4 Qe2 35. Kg2 e5 36. Re4 Qxb2 37. Nc6 Ra8 38. a7 Qxc3 39. Rb4 h5 40. h3 g4 41. hxg4 hxg4 42. Rxg4 Qb3 43. Rb4 Rg8+ 44. Rg4 Ra8 45. Kg3 Qd3 46. Kg2 Qd1 47. Rb4 Rg8+ 48. Rg4 Ra8 49. Nb8 e4 50. Rxe4 Qd2 51. Rg4 Qxa5 52. Nd7+ Ke7 53. Nb8 Qb5 54. Nc6+ Kf6 55. Rg5 Kxg5 56. Nd4 Kf6 57. Ne2 Qb7 58. Ng3 Qxa7 59. Ne4+ Ke7 60. Ng3 Kd7 61. Nf5 Kc7 62. Nd4 Kb6 63. Nb3 Kb5 64. Nd2 Kb4 65. Ne4 Kb3 66. Nd2+ Kb2 67. Ne4 Rg8+ 0-1

[Event "Titled Tuesday intern op 30th Jan Late"]
[Site "Chess.com INT"]
[Date "2024.01.30"]
[Round "1"]
[White "Mordechai, Hanan"]
[Black "Dominguez Perez, Leinier"]
[Result "0-1"]
[WhiteElo "2329"]
[BlackElo "2752"]
[PlyCount "94"]
[EventDate "2024.01.30"]
[EventType "swiss (blitz)"]
[EventRounds "11"]
[EventCountry "USA"]
[SourceTitle "EXT 2025"]
[Source "ChessBase"]
[SourceDate "2024.10.14"]
[SourceVersion "1"]
[SourceVersionDate "2024.10.14"]
[SourceQuality "1"]

1. Nf3 c5 2. c4 Nf6 3. g3 g6 4. Bg2 Bg7 5. 0-0 Nc6 6. Nc3 0-0 7. d4 cxd4 8. Nxd4 d6 9. Nc2 Be6 10. b3 Qd7 11. Bb2 Bh3 12. e4 Bxg2 13. Kxg2 e6 14. Qe2 Rfd8 15. Rad1 a6 16. h3 Rab8 17. Ne3 b6 18. f4 Qb7 19. Qf3 b5 20. cxb5 axb5 21. Ne2 Ne7 22. e5 Nfd5 23. Nxd5 Nxd5 24. Kh2 Rbc8 25. Rc1 h5 26. Nc3 dxe5 27. Nxd5 Rxd5 28. Rxc8+ Qxc8 29. fxe5 Qd7 30. Rf2 Bxe5 31. Bxe5 Rxe5 32. a4 bxa4 33. bxa4 Ra5 34. Qf6 Rxa4 35. Rb2 Ra8 36. h4 Qc7 37. Kh3 Ra3 38. Qg5 Rf3 39. Rd2 Kg7 40. Rg2 Qc3 41. Qb5 Qa1 42. Kh2 Rf1 43. Qb2+ Qxb2 44. Rxb2 f5 45. Re2 Kf6 46. Kg2 Ra1 47. Ra2 Rxa2+ 0-1

[Event "Ramat Gan Dov Porat Blitz op"]
[Site "Ramat Gan"]
[Date "2023.10.06"]
[Round "1"]
[White "Mordechai, Hanan"]
[Black "Lapushnian, Maya"]
[Result "1/2-1/2"]
[WhiteElo "2347"]
[BlackElo "1569"]
[PlyCount "121"]
[EventDate "2023.10.06"]
[EventType "swiss (blitz)"]
[EventRounds "11"]
[EventCountry "ISR"]
[SourceTitle "EXT 2025"]
[Source "ChessBase"]
[SourceDate "2024.10.14"]
[SourceVersion "1"]
[SourceVersionDate "2024.10.14"]
[SourceQuality "1"]

1. Nf3 d5 2. c4 e6 3. g3 Nf6 4. Bg2 dxc4 5. Na3 c5 6. Nxc4 Nc6 7. 0-0 Be7 8. b3 0-0 9. Bb2 Qc7 10. Nfe5 Nxe5 11. Bxe5 Qd7 12. Qc2 Nd5 13. Qb2 f6 14. Bc3 b5 15. Ba5 Rb8 16. Ne3 Nxe3 17. dxe3 b4 18. Rfd1 Qb5 19. Bc7 Rb7 20. Bd6 Bxd6 21. Rxd6 Re7 22. Rad1 Bb7 23. Qd2 Bxg2 24. Kxg2 Qb7+ 25. Kg1 a5 26. Qd3 Ra8 27. Qc4 Kf7 28. Qxc5 a4 29. Rb6 Qc8 30. Qxc8 Rxc8 31. Rxb4 axb3 32. axb3 Rc2 33. Kf1 Rb2 34. Rb8 Rc7 35. b4 Rcc2 36. Re1 Rc4 37. Rb7+ Kg6 38. Kg2 Rcxb4 39. Rxb4 Rxb4 40. Kf3 Ra4 41. Rd1 Rb4 42. Rd6 e5 43. h4 h5 44. Rd7 Ra4 45. Rc7 Rb4 46. Rc3 Ra4 47. e4 Rd4 48. Ke3 Rd6 49. Rd3 Ra6 50. f4 exf4+ 51. gxf4 Ra1 52. Kf2 Rh1 53. Kg3 Rg1+ 54. Kf2 Rh1 55. e5 fxe5 56. fxe5 Rxh4 57. Rf3 Re4 58. Rg3+ Kf7 59. Rg5 h4 60. Kf3 Ra4 61. Rh5 1/2-1/2